| 000 | 01044nam a2200253 a 4500 | ||
|---|---|---|---|
| 001 | 44275 | ||
| 003 | BD-RjUL | ||
| 005 | 20211209053829.0 | ||
| 008 | 160716r19921997bg ||||| |||| 00| 0 ben d | ||
| 020 |
_a9840736116 _c: TK 130.00 |
||
| 035 | _a(BD-RjUL)44393 | ||
| 040 |
_aBD-RjUL _bben _cBD-RjUL |
||
| 041 | _aben | ||
| 082 |
_223 _a301.0727 _bNAS 1997 |
||
| 100 |
_aনকী, সৈয়দ আলী _9117076 |
||
| 245 | 1 | 0 |
_a সমাজবিজ্ঞানে পরিসংখ্যান পদ্ধতি / _cসৈয়দ আলী নকী |
| 250 | _a৩য় সং. | ||
| 260 |
_aঢাকা : _bবাংলা একাডেমী, _c১৯৯২ [মুদ্রণ ১৯৯৭] |
||
| 300 |
_a[১৬] ৩৬৭ পৃ. : _bচিত্র ; _c২২ সেমি. |
||
| 500 | _aনির্ঘন্ট সংযুক্ত | ||
| 650 |
_aসমাজবিজ্ঞান _vপরিসংখ্যান পদ্ধতি _9117077 |
||
| 650 |
_aSociology _vStatistical methods _9117078 |
||
| 942 |
_2ddc _cBK _01 |
||
| 999 |
_c44275 _d44275 |
||